Größte Stadt pro Sprache - Statistiken

Allgemein
  • Dieses Quiz wurde 221 mal gespielt
  • Das Durchschnittsergebnis liegt bei 12 aus 20
Antwortstatistiken
Sprache Größte Stadt % Korrekt
Deutsch Berlin
98%
Japanisch Tokyo
95%
Russisch Moskau
94%
Englisch New York
88%
Katalanisch Barcelona
82%
Spanisch Mexiko-Stadt
81%
Chinesisch Shanghai
79%
Arabisch Kairo
74%
Persisch Teheran
74%
Afrikaans Kapstadt
65%
Zulu Johannesburg
63%
Hindi Delhi
61%
Tibetisch Lhasa
47%
Swahili Nairobi
47%
Kantonesisch Hongkong
43%
Französisch Kinshasa
39%
Yoruba Lagos
36%
Quechua Cusco
6%
Kaschubisch Danzig
6%
Mayathan Mérida
3%
Keine übereinstimmenden Quizze gefunden
Verteilung der Resultate
Anzahl Personen mit jedem Resultat
Perzentil nach korrekt beantworteten Fragen
Ihre Resultats-Entwicklung
Sie haben dieses Quiz noch nicht gespielt